00494 2200169 4500001002100000005001500021035002000036245005000056100001200106250001100118300005400129260004100183082000800224084001200232020001800244600006200262INLIS00000000000016120240430094714 a0010-04240001381 aBuku Pegangan Kader Kesehatan Jiwa Masyarakat0 aSuyanta aKesatu a26 hal :btidak berwarna ;c17 X 24 cmetidak ada aYogyakarta :bPustaka Panasea,c2020 a613 a613 Buk a9786025990618 4aKesehatan, pendidikan, kedokteran, keperawatan, kebidanan